Влияние скорости ввода энергии (индуктивности контура) на генерацию ударной волны и импульса перенапряжения при электрическом взрыве фольги; Известия Томского политехнического университета [Известия ТПУ]; Т. 309, № 3

Detaylı Bibliyografya
Parent link:Известия Томского политехнического университета [Известия ТПУ]/ Томский политехнический университет (ТПУ).— , 2000-
Т. 309, № 3.— 2006.— [С. 50-53]
Yazar: Григорьев А. Н.
Diğer Yazarlar: Павленко А. В.
Özet:Заглавие с титульного листа
Электронная версия печатной публикации
Экспериментально исследовалось влияние скорости ввода энергии (за счет изменения индуктивности контура) в электрически взрываемую фольгу на профиль (амплитуда, фронт, длительность) генерируемой ударной волны и импульса перенапряжения. Обнаружен физический (Pm-1,17 ГПа) предел для роста импульса давления: при уменьшении индуктивности контура, начиная с ~91 нГн, профиль импульса давления остается постоянным. Для импульса перенапряжения данной закономерности обнаружено не было. Выявлено наличие связи между импульсами давления и перенапряжения.
Dil:Rusça
Baskı/Yayın Bilgisi: 2006
Seri Bilgileri:Технические науки
Konular:
Online Erişim:http://www.lib.tpu.ru/fulltext/v/Bulletin_TPU/2006/v309/i3/11.pdf
Materyal Türü: MixedMaterials Elektronik Kitap Bölümü
KOHA link:https://koha.lib.tpu.ru/cgi-bin/koha/opac-detail.pl?biblionumber=171286

MARC

LEADER 00000nla2a2200000 4500
001 171286
005 20231031163940.0
035 |a (RuTPU)RU\TPU\book\185744 
035 |a RU\TPU\book\185743 
090 |a 171286 
100 |a 20091203d2006 k y0rusy50 ca 
101 0 |a rus 
102 |a RU 
135 |a drnn ---uucaa 
181 0 |a i  
182 0 |a b 
200 1 |a Влияние скорости ввода энергии (индуктивности контура) на генерацию ударной волны и импульса перенапряжения при электрическом взрыве фольги  |b Электронный ресурс  |f А. Н. Григорьев, А. В. Павленко 
203 |a Текст  |c электронный 
215 |a 1 файл (215 Кб) 
225 1 |a Технические науки 
230 |a Электронные текстовые данные (1 файл : 215 Кб) 
300 |a Заглавие с титульного листа 
300 |a Электронная версия печатной публикации 
320 |a [Библиогр.: с. 53 (13 назв.)] 
330 |a Экспериментально исследовалось влияние скорости ввода энергии (за счет изменения индуктивности контура) в электрически взрываемую фольгу на профиль (амплитуда, фронт, длительность) генерируемой ударной волны и импульса перенапряжения. Обнаружен физический (Pm-1,17 ГПа) предел для роста импульса давления: при уменьшении индуктивности контура, начиная с ~91 нГн, профиль импульса давления остается постоянным. Для импульса перенапряжения данной закономерности обнаружено не было. Выявлено наличие связи между импульсами давления и перенапряжения. 
337 |a Adobe Reader 
461 1 |0 (RuTPU)RU\TPU\book\176237  |t Известия Томского политехнического университета [Известия ТПУ]  |f Томский политехнический университет (ТПУ)  |d 2000- 
463 1 |0 (RuTPU)RU\TPU\book\185729  |x 1684-8519  |t Т. 309, № 3  |v [С. 50-53]  |d 2006  |p 261 с. 
610 1 |a энергия 
610 1 |a генерация 
610 1 |a ударные волны 
610 1 |a импульсы 
610 1 |a перенапряжения 
610 1 |a электрические взрывы 
610 1 |a фольга 
610 1 |a амплитуда 
610 1 |a фронт 
610 1 |a длительность 
610 1 |a физический предел 
610 1 |a давление 
610 1 |a индуктивность контура 
610 1 |a труды учёных ТПУ 
610 1 |a электронный ресурс 
610 1 |a ввод 
610 1 |a скорость 
700 1 |a Григорьев  |b А. Н. 
701 1 |a Павленко  |b А. В. 
801 1 |a RU  |b 63413507  |c 20090623  |g PSBO 
801 2 |a RU  |b 63413507  |c 20211021  |g PSBO 
856 4 |u http://www.lib.tpu.ru/fulltext/v/Bulletin_TPU/2006/v309/i3/11.pdf 
942 |c CF